| 000 | 01721nam#a2200253 4500 | ||
|---|---|---|---|
| 001 | 9786073244428 | ||
| 003 | VST | ||
| 005 | 20240207220635.0 | ||
| 006 | m o d | ||
| 007 | cr#un#---uucau | ||
| 008 | 181010s2018 MEX d | ||
| 020 | _a9786073244428 | ||
| 040 |
_aVST _cVST _dVST |
||
| 100 | 1 |
_aHugh D. Young, Roger A. Freedman _eauthor |
|
| 245 | 1 | 0 | _aFísica universitaria con física moderna 2 |
| 250 | _afirst edition | ||
| 260 | _aMexico : | ||
| 264 | 1 |
_aMexico : _bPearson Educación, _c2018 |
|
| 300 | _a1 online resource | ||
| 336 |
_atext _btxt _2rdacontent |
||
| 337 |
_acomputer _bc _2rdamedia |
||
| 520 | _aA casi 70 años desde su primera edición, Física universitaria con física moderna, escrito en sus inicios por Francis Sears y Mark Zemansky, y continuado por Hugh D. Young y Roger A. Freedman, con la colaboración de A. Lewis Ford en esta edición, sigue siendo uno de los textos más importantes a nivel mundial para las carreras de ingeniería, física y química; y un libro de referencia para los profesionales de estas áreas. Gracias a una exposición clara, didácticamente amable y enriquecida por cientos de reflexiones y ejemplos desarrollados, este libro ofrece una excelente opción al estudioso de la física, desde sus fundamentos hasta el desarrollo de la física moderna. El volumen 1 cubre las áreas de mecánica, mecánica de fluidos, ondas, acústica y termodinámica. Mientras que el volumen 2 trata las áreas de electromagnetismo, óptica y física moderna, que incluye temas de relatividad, física de partículas y astrofísica. | ||
| 856 | 4 | 0 | _uhttps://bc.vitalsource.com/tenants/Universidad_Insurgentes/libraries?bookmeta_vbid=9786073244428 |
| 999 |
_c157617 _d157617 |
||